000 00849nam a22002537a 4500
001 27628
003 UA-OsUOA
005 20210514134936.0
007 ta
008 20040908b un ||||| |||| 00| 0 ukr d
040 _aUA-OsUOA
_bukr
_cUA-OsUOA
_dUA-OsUOA
041 _aukr
044 _aUA
080 _a78(091)
090 _a78(091)
_bШ85
100 _aШреєр-Ткаченко О.Я.
245 _aІсторія української музики
_bРозвиток української музичної культури від найдавніших часів до середини ХІХ століття
260 _aК.
_bМузична Україна
_c1980
300 _a200 с.
_bІлюстрації
650 7 _2UDC
942 _cBK
_2udc
955 _a0
999 _c313977
_d313977